000
00340nam a2200157Ia 4500
001
17702
003
IN-NITTTR
005
20251114233207.0
008
251113s9999||||xx |||||||||||||| ||eng||
040
_b
eng
040
_c
IN-NITTTR
041
_a
eng
082
_a
658.4038 P428I
245
4
_a
The information center. /
942
_2
ddc
_c
BK
999
_c
20336
_d
20336